000 00727nam a2200253Ia 4500
003 OSt
005 20220930091033.0
006 a|||||r|||| 00| 0
007 ta
008 220926b |||||||| |||| 00| 0 urd d
024 _a3400
037 _cTheses
040 _aCRL
_cCRL
_burd
041 _2urd
_aurd
100 _aKhan Asma
_9544558
110 _aUniversity of Delhi. Faculty of Arts. Department of Urdu
245 0 _aUrdu nazm ka siyasi mutala'a (Hali se 1947 tak)
260 _c2011
650 _aURDU LANGUAGE
700 _a Khan Tauqeer Ahmad Gu.
700 _aUniversity of Delhi. Faculty of Arts. Department of Urdu
942 _cDIS
_2CC
999 _c881543
_d881543